| 000 | 00459nam a2200133Ia 4500 | ||
|---|---|---|---|
| 008 | 170419s9999 xx 000 0 und d | ||
| 100 | _aHatzfeld, Jennifer J. | ||
| 245 | _aFactors influencing health behaviors among active duty air force personnel | ||
| 245 | _cJennifer J. Hatzfeld, Mary S. Nelson, Catherine M. Waters, Bonnie Mowinski Jennings. | ||
| 260 | _bElsevier | ||
| 260 | _c2016 | ||
| 300 | _aSeptember/November | ||
| 440 |
_aNursing Outlook _v64:5 |
||
| 999 |
_c329477 _d329477 |
||